Fascism: journal of comparative fascist studies
| Format: | Electronic Journal |
|---|---|
| Language: | English |
| Published: |
Amsterdam
Amsterdam University Press
2012-
Leiden [u.a.] Brill 2012-2024 |
| In: | Year: 2012 |
| Online Access: |
Volltext (Frontdoor-Url) Volltext (kostenfrei) Volltext (kostenfrei) |
| Rights Information: | CC BY 4.0 |
| Check availability: | HBZ Gateway |
| Volumes / Articles: | Show volumes/articles. |
| Keywords: |
MARC
| LEADER | 00000cas a2200000 c 4500 | ||
|---|---|---|---|
| 001 | 668706694 | ||
| 003 | DE-627 | ||
| 005 | 20260504142633.0 | ||
| 007 | cr ||||||||||| | ||
| 008 | 110922c20129999ne z| p|o 0 |0eng c | ||
| 016 | 7 | |a 1015166946 |2 DE-101 | |
| 016 | 7 | |a 2627793-1 |2 DE-600 | |
| 022 | |a 2211-6257 | ||
| 024 | 8 | |a DOAJ-3dc97f065a534fa6aa5b090eabc7c82e |q Identnummer | |
| 035 | |a (DE-627)668706694 | ||
| 035 | |a (DE-576)350624739 | ||
| 035 | |a (DE-599)ZDB2627793-1 | ||
| 035 | |a (OCoLC)1368496946 | ||
| 040 | |a DE-627 |b ger |c DE-627 |e rakwb | ||
| 041 | |a eng | ||
| 044 | |c XA-NL | ||
| 082 | 0 | 4 | |a 320 |q DE-600 |
| 084 | |a 2,1 |2 ssgn | ||
| 245 | 0 | 0 | |a Fascism |b journal of comparative fascist studies |
| 264 | 3 | 1 | |a Amsterdam |b Amsterdam University Press |c 2012- |
| 264 | 1 | |a Leiden [u.a.] |b Brill |c 2012-2024 | |
| 300 | |a Online-Ressource | ||
| 336 | |a Text |b txt |2 rdacontent | ||
| 337 | |a Computermedien |b c |2 rdamedia | ||
| 338 | |a Online-Ressource |b cr |2 rdacarrier | ||
| 362 | 0 | |a 1.2012 - | |
| 363 | 0 | 1 | |a 1 |i 2012 |
| 500 | |a Gesehen am 04.05.26 | ||
| 500 | |a Fortsetzung der Druck-Ausgabe | ||
| 506 | 0 | |a Open Access |e Controlled Vocabulary for Access Rights |f Unrestricted online access |q DOAJ |u http://purl.org/coar/access_right/c_abf2 |2 coarar | |
| 540 | |q DOAJ |a Namensnennung 4.0 International |f CC BY 4.0 |2 cc |u https://creativecommons.org/licenses/by/4.0/ | ||
| 655 | 7 | |a Zeitschrift |0 (DE-588)4067488-5 |0 (DE-627)10454466X |0 (DE-576)20917000X |2 gnd-content | |
| 776 | 1 | |x 2211-6249 | |
| 856 | 4 | 0 | |u https://brill.com/view/journals/fasc/fasc-overview.xml |x Verlag |z kostenfrei |7 0 |
| 856 | 4 | 0 | |u https://www.aup-online.com/content/journals/22116249 |x Verlag |z kostenfrei |7 0 |
| 856 | 4 | 0 | |u https://ezb.ur.de/?2627793-1 |x Frontdoor-Url |7 1 |
| 951 | |a JT | ||
| ELC | |a 1 | ||
| LOK | |0 000 xxxxxcx a22 zn 4500 | ||
| LOK | |0 001 296482794X | ||
| LOK | |0 003 DE-627 | ||
| LOK | |0 004 668706694 | ||
| LOK | |0 005 20170411144931 | ||
| LOK | |0 008 170411||||||||||||||||ger||||||| | ||
| LOK | |0 040 |a DE-21 |c DE-627 |d DE-21 | ||
| LOK | |0 852 |a DE-21 | ||
| LOK | |0 852 1 |9 00 | ||
| LOK | |0 935 |a krim | ||
| LOK | |0 939 |a 2017-04-11 |b l01 | ||
| LOK | |0 000 xxxxxcx a22 zn 4500 | ||
| LOK | |0 001 4496131250 | ||
| LOK | |0 003 DE-627 | ||
| LOK | |0 004 668706694 | ||
| LOK | |0 005 20240306124901 | ||
| LOK | |0 008 240306||||||||||||||||ger||||||| | ||
| LOK | |0 040 |a DE-2619 |c DE-627 |d DE-2619 | ||
| LOK | |0 092 |o n | ||
| LOK | |0 852 |a DE-2619 | ||
| LOK | |0 852 1 |9 00 | ||
| LOK | |0 866 |x Z=465 | ||
| LOK | |0 935 |a zota | ||
| LOK | |0 939 |a 2024-03-06 |b l01 | ||
| OAS | |a 1 | ||
| ORI | |a WA-MARC-krimdoka001.raw | ||
| SPR | |a 1 |t KRI | ||
